000 00812nam a2200277Ia 4500
003 OSt
005 20220928123946.0
006 a|||||r|||| 00| 0
007 ta
008 220927b |||||||| |||| 00| 0 eng d
020 _cUKP 29.99
024 _a144365
037 _b096, 12/03/2021, Classic Book Service
_cTextual
040 _aSDCL
_cSDCL
_beng
041 _2eng
_aeng
082 _aX:87, R1
100 _aBlack J. Stewart
_9423181
245 0 _aGlobal leadership challenge.
250 _a3rd
260 _aLondon
_bRoutledge
_c2021
300 _axv,276p.
_ccm.
650 _aPolitical Science
700 _a Morrison Allen J.
_9462635
942 _hX:87, R1
_cTEXL
_2CC
999 _c775602
_d775602